Symbol spolupráce Na Kryme otvorili zotavovňu Družba. Vystúpenie S. Šalejeva. Vystúpenie K. Hoffmanna

Bibliographic Details
Format: Article
Language:Slovak
Subjects:

MARC

LEADER 00000nab a2200000 a 4500
001 vtls000214482
003 SK-MaSNL
005 20260305035415.0
008 111130c1985 xo 0 slo
015 |a SNBRB19rr/mm-uuuuu 
035 |a CL0224596 
040 |a SNKBUCL  |b slo  |c SNKBUCL  |e AACR2 
041 0 |a slo 
044 |a xo  |c SK 
080 |a 331.85:379.83  |2 1981 
080 |a 379.83  |2 1981 
080 |a 331.88(437)  |2 1981 
080 |a 331.88(100)(47)  |2 1981 
245 0 0 |a Symbol spolupráce  |b Na Kryme otvorili zotavovňu Družba. Vystúpenie S. Šalejeva. Vystúpenie K. Hoffmanna 
650 0 7 |a zotavovne  |2 snkbucl  |9 161874 
650 0 7 |a Družba, Krym (zotavovňa)  |2 snkbucl  |9 1617978 
650 0 7 |a odborári  |2 snkbucl  |9 29742 
655 7 |a články z novín a časopisov  |2 snkbucl  |9 267496 
773 0 |t Práca  |g Roč. 40, č. 100 (29. 4. 1985), s. 1 a 3 
850 |a Slovenská národná knižnica v Martine  |a MTA001 
852 |a SNK  |b KIS3GCP 
958 |a RK 
958 |a SU 
992 |a RBX 
999 |c 3333663  |d 3335593